[Event "Ruhrgebiet Verbandsliga Gruppe 2 1819"]
[Site "Nordrheinwestfalen"]
[Date "2019.02.03"]
[Round "6.4"]
[White "Wilbert, Siegfried"]
[Black "Dukic, Dalibor"]
[Result "1-0"]
[WhiteElo "1969"]
[BlackElo "2030"]
[PlyCount "97"]
[EventDate "2018.09.23"]
[EventType "team-tourn"]
[EventRounds "9"]
[EventCountry "GER"]
[SourceTitle "EXT 2022"]
[Source "ChessBase"]
[SourceDate "2021.10.06"]
[SourceVersion "1"]
[SourceVersionDate "2021.10.06"]
[SourceQuality "1"]
[WhiteTeam "Buer SF"]
[BlackTeam "Hamm SV"]
[WhiteTeamCountry "GER"]
[BlackTeamCountry "GER"]

1. d4 Nf6 2. Nf3 d6 3. c4 Nbd7 4. Nc3 e5 5. Bg5 Be7 6. Qc2 h6 7. Bh4 c6 8. e3 Qa5 9. Be2 g5 10. Bg3 Nh5 11. a3 Nxg3 12. hxg3 Nf8 13. b4 Qc7 14. d5 Bd7 15. Nd2 a5 16. bxa5 Rxa5 17. Nb3 Ra8 18. a4 Bd8 19. Bf3 Qc8 20. dxc6 bxc6 21. Qd1 g4 22. Be2 Be7 23. a5 h5 24. Na4 Qb8 25. Nb6 Ra7 26. f3 h4 27. fxg4 Be6 28. gxh4 Rxh4 29. Kf2 Nd7 30. Rxh4 Bxh4+ 31. g3 Be7 32. Nxd7 Rxd7 33. Nd2 Qa7 34. Qa4 Rc7 35. a6 Bd7 36. Qa5 Bd8 37. Ne4 Be7 38. Rd1 Bc8 39. c5 d5 40. Nd6+ Bxd6 41. cxd6 Rd7 42. Qc3 Rxd6 43. Qxe5+ Re6 44. Qc3 Bxa6 45. Qa3 c5 46. Rxd5 Qb7 47. Bf3 Qb4 48. Qa1 c4 49. Qh8+ 1-0

[Event "Ruhrgebiet Verbandsliga Gruppe 2 1718"]
[Site "Germany"]
[Date "2018.02.04"]
[Round "6.4"]
[White "Dukic, Dalibor"]
[Black "Bobzin, Pierre David"]
[Result "0-1"]
[WhiteElo "2040"]
[BlackElo "2049"]
[PlyCount "96"]
[EventDate "2017.09.17"]
[EventType "team-tourn"]
[EventRounds "9"]
[EventCountry "GER"]
[SourceTitle "EXT 2022"]
[Source "ChessBase"]
[SourceDate "2021.10.06"]
[SourceVersion "1"]
[SourceVersionDate "2021.10.06"]
[SourceQuality "1"]
[WhiteTeam "Hamm SV"]
[BlackTeam "Holsterhausen SK"]
[WhiteTeamCountry "GER"]
[BlackTeamCountry "GER"]

1. c4 Nf6 2. Nc3 d6 3. g3 e5 4. Bg2 Nbd7 5. Nf3 g6 6. d4 Bg7 7. dxe5 dxe5 8. Qc2 0-0 9. 0-0 c6 10. Rd1 Qc7 11. b3 Re8 12. Ba3 Bf8 13. Bxf8 Nxf8 14. Ng5 Ne6 15. Nge4 Nxe4 16. Nxe4 Kg7 17. Qb2 f6 18. Rd2 Rd8 19. Rad1 Rxd2 20. Qxd2 a5 21. e3 Kf7 22. f4 exf4 23. gxf4 Qe7 24. Nd6+ Kg8 25. e4 Ng7 26. Qd4 Bg4 27. Rd2 Ne6 28. Qf2 c5 29. e5 fxe5 30. fxe5 Nd4 31. Bd5+ Kg7 32. Qf6+ Qxf6 33. exf6+ Kxf6 34. Nxb7 Rc8 35. Nd6 Rd8 36. Ne4+ Ke5 37. Ng5 Kf4 38. h4 Kg3 39. Rd3+ Kxh4 40. Nxh7 Re8 41. Rd2 Bh3 42. Kh2 Re5 43. Rf2 g5 44. Nf8 Bf5 45. Kg1 Ne2+ 46. Kf1 Nf4 47. Rd2 Re8 48. Rh2+ Kg3 0-1

[Event "Ruhrgebiet Verbandsliga Gruppe 2 1718"]
[Site "Germany"]
[Date "2017.11.05"]
[Round "3.4"]
[White "Holtkamp, Matthias"]
[Black "Dukic, Dalibor"]
[Result "1-0"]
[WhiteElo "1961"]
[BlackElo "2040"]
[PlyCount "109"]
[EventDate "2017.09.17"]
[EventType "team-tourn"]
[EventRounds "9"]
[EventCountry "GER"]
[SourceTitle "EXT 2022"]
[Source "ChessBase"]
[SourceDate "2021.10.06"]
[SourceVersion "1"]
[SourceVersionDate "2021.10.06"]
[SourceQuality "1"]
[WhiteTeam "Gladbeck SG"]
[BlackTeam "Hamm SV"]
[WhiteTeamCountry "GER"]
[BlackTeamCountry "GER"]

1. d4 Nf6 2. c4 d6 3. Nf3 Nbd7 4. Nc3 e5 5. e4 Be7 6. Be2 0-0 7. 0-0 Re8 8. Re1 h6 9. b3 Bf8 10. Qc2 c6 11. Bb2 Qc7 12. Rad1 exd4 13. Nxd4 Nc5 14. Bf3 a5 15. a3 Qb6 16. h3 Nfd7 17. g3 Ne5 18. Bg2 Bd7 19. f4 Ng6 20. Kh2 Rad8 21. Nb1 h5 22. Bc1 h4 23. g4 Bc8 24. Be3 Qc7 25. Kh1 b6 26. Nc3 Bb7 27. Qf2 Nd7 28. Nf5 Nc5 29. b4 axb4 30. axb4 Nd7 31. Nxh4 Nxh4 32. Qxh4 Ra8 33. Ra1 Be7 34. Qf2 d5 35. c5 bxc5 36. bxc5 dxe4 37. Nxe4 Rxa1 38. Rxa1 Nf6 39. Nxf6+ Bxf6 40. Bd4 Qd8 41. Bxf6 Qxf6 42. Rb1 Ba6 43. Re1 Rb8 44. g5 Qf5 45. Qe3 Qc8 46. g6 Bc4 47. f5 fxg6 48. fxg6 Qd7 49. Qf4 Rb4 50. Qd6 Qc8 51. Qxc6 Rb8 52. Qd6 Qf8 53. Bd5+ Bxd5+ 54. Qxd5+ Kh8 55. Qh5+ 1-0

[Event "Ruhrgebiet Verbandsliga Gruppe 2 1718"]
[Site "Germany"]
[Date "2017.10.08"]
[Round "2.4"]
[White "Dukic, Dalibor"]
[Black "Gottmann, Bernd"]
[Result "1-0"]
[WhiteElo "2040"]
[BlackElo "1912"]
[PlyCount "53"]
[EventDate "2017.09.17"]
[EventType "team-tourn"]
[EventRounds "9"]
[EventCountry "GER"]
[SourceTitle "EXT 2022"]
[Source "ChessBase"]
[SourceDate "2021.10.06"]
[SourceVersion "1"]
[SourceVersionDate "2021.10.06"]
[SourceQuality "1"]
[WhiteTeam "Hamm SV"]
[BlackTeam "Gerthe Werne"]
[WhiteTeamCountry "GER"]
[BlackTeamCountry "GER"]

1. c4 g6 2. Nf3 Bg7 3. Nc3 c5 4. d4 cxd4 5. Nxd4 Nc6 6. Nc2 Bxc3+ 7. bxc3 Nf6 8. f3 Qa5 9. Bd2 d6 10. e4 b6 11. Ne3 e6 12. Be2 Bd7 13. 0-0 0-0 14. Be1 Qa3 15. Qd2 Rfc8 16. Bh4 Ne8 17. Ng4 Qc5+ 18. Kh1 h5 19. Nf6+ Nxf6 20. Bxf6 Kh7 21. f4 Na5 22. Rf3 Nxc4 23. Qe1 e5 24. f5 d5 25. Qh4 Rc6 26. Rh3 Qd6 27. Qxh5+ 1-0

[Event "Ruhrgebiet Regionalliga 1617"]
[Site "Germany"]
[Date "2017.01.15"]
[Round "5.5"]
[White "Strathoff, Martin"]
[Black "Dukic, Dalibor"]
[Result "1/2-1/2"]
[WhiteElo "2057"]
[BlackElo "2011"]
[PlyCount "196"]
[EventDate "2016.09.11"]
[EventType "team-tourn"]
[EventRounds "9"]
[EventCountry "GER"]
[SourceTitle "EXT 2022"]
[Source "ChessBase"]
[SourceDate "2021.10.06"]
[SourceVersion "1"]
[SourceVersionDate "2021.10.06"]
[SourceQuality "1"]
[WhiteTeam "Brackel SF"]
[BlackTeam "Hamm SV"]
[WhiteTeamCountry "GER"]
[BlackTeamCountry "GER"]

1. d4 Nf6 2. c4 d6 3. Nc3 Nbd7 4. e4 e5 5. Nf3 g6 6. Be2 Bg7 7. 0-0 0-0 8. Bg5 h6 9. Bh4 Re8 10. d5 g5 11. Bg3 Nh5 12. Ne1 Nf4 13. Bg4 Nf6 14. Bxc8 Qxc8 15. f3 h5 16. Nc2 h4 17. Bf2 Kh7 18. Ne3 Rg8 19. Nf5 Bf8 20. Ne2 Ng6 21. Qd3 Ne7 22. Nxe7 Bxe7 23. g4 a5 24. h3 Nd7 25. Nc3 b6 26. Qc2 Qa6 27. Qa4 Nb8 28. Rac1 Rc8 29. Nd1 Qb7 30. Ne3 f6 31. Nf5 Bf8 32. Rfd1 Rd8 33. Rd3 Nd7 34. Qd1 Bg7 35. Ne7 Re8 36. Nf5 Kg6 37. Qe1 Kf7 38. Rb3 Qa6 39. Qd2 Rab8 40. Rb5 Red8 41. Be3 Rh8 42. Rc3 Qc8 43. Ra3 Qd8 44. Kg2 Bf8 45. b4 axb4 46. Qxb4 Ra8 47. Rxa8 Qxa8 48. a4 Be7 49. a5 bxa5 50. Rxa5 Rb8 51. Qa3 Qb7 52. Ra7 Qc8 53. Kf2 Rb7 54. Kg2 Qb8 55. Rxb7 Qxb7 56. Bf2 Bf8 57. Ne3 Be7 58. Nc2 c6 59. dxc6 Qxc6 60. Qa2 Ke8 61. Nb4 Qb7 62. Qa4 Bd8 63. Nd5 Kf7 64. Qb5 Qc8 65. Nc3 Nf8 66. Qb4 Be7 67. Nd5 Ne6 68. Be3 Qa8 69. Qb3 Nc5 70. Bxc5 dxc5 71. Ne3 Qa1 72. Qd3 Qb2+ 73. Qc2 Qa1 74. Nf5 Bf8 75. Qd2 Kg6 76. Ne3 Qd4 77. Qxd4 cxd4 78. Nd5 Kf7 79. Kf2 Be7 80. Ke2 Bd8 81. c5 Ke6 82. Kd3 Kd7 83. Kc4 Kc6 84. Nb4+ Kd7 85. Kd5 Bc7 86. Kc4 Ba5 87. c6+ Kd6 88. Nd5 Kxc6 89. Nxf6 Bd8 90. Nd5 Ba5 91. Ne7+ Kd7 92. Nf5 Ke6 93. f4 Bd2 94. fxg5 Bxg5 95. Ng7+ Kf7 96. Nf5 Ke6 97. Kd3 Bd8 98. Nh6 Kf6 1/2-1/2

[Event "Ruhrgebiet Verbandsliga Gruppe 2 1516"]
[Site "Germany"]
[Date "2016.03.20"]
[Round "8.7"]
[White "Dukic, Dalibor"]
[Black "Hombrecher, Kai"]
[Result "1/2-1/2"]
[WhiteElo "2014"]
[BlackElo "1827"]
[PlyCount "108"]
[EventDate "2015.09.06"]
[EventType "team-tourn"]
[EventRounds "9"]
[EventCountry "GER"]
[SourceTitle "EXT 2022"]
[Source "ChessBase"]
[SourceDate "2021.10.06"]
[SourceVersion "1"]
[SourceVersionDate "2021.10.06"]
[SourceQuality "1"]
[WhiteTeam "Hamm SV"]
[BlackTeam "Oberhausen SV II"]
[WhiteTeamCountry "GER"]
[BlackTeamCountry "GER"]

1. c4 e5 2. Nc3 Bb4 3. Nd5 Be7 4. Nf3 Nc6 5. d3 Nf6 6. g3 0-0 7. Bg2 Re8 8. 0-0 d6 9. Nxe7+ Qxe7 10. e3 d5 11. cxd5 Nxd5 12. d4 exd4 13. Nxd4 Nxd4 14. Qxd4 Nf6 15. b4 c6 16. Bb2 Bf5 17. Qf4 Bg6 18. Rfc1 Be4 19. Bxf6 Qxf6 20. Bxe4 Qxf4 21. Bxh7+ Kxh7 22. gxf4 a6 23. Rc5 Rad8 24. a4 Re4 25. b5 Rd5 26. Rxd5 cxd5 27. bxa6 bxa6 28. a5 Rc4 29. Kg2 f5 30. Kg3 Rc5 31. Kf3 Kg6 32. Ra2 Kf6 33. Ke2 Ke6 34. Kd3 Rb5 35. Kd4 g6 36. f3 Kf6 37. h4 Ke6 38. Rg2 Kf6 39. Rc2 Rxa5 40. Rc6+ Kg7 41. Rd6 Ra1 42. Kxd5 a5 43. Ra6 Rd1+ 44. Ke5 Rf1 45. Ra7+ Kh6 46. e4 Rxf3 47. exf5 gxf5 48. Rxa5 Rh3 49. Kxf5 Rxh4 50. Ra7 Rh1 51. Kf6 Rb1 52. f5 Rb6+ 53. Kf7 Kg5 54. Ra5 Rf6+ 1/2-1/2

[Event "Ruhrgebiet Regionalliga 1415"]
[Site "Germany"]
[Date "2014.10.26"]
[Round "2.7"]
[White "Dukic, Dalibor"]
[Black "Friedrich, Patrick"]
[Result "1-0"]
[WhiteElo "2006"]
[BlackElo "1929"]
[PlyCount "159"]
[EventDate "2014.09.28"]
[EventType "team-tourn"]
[EventRounds "9"]
[EventCountry "GER"]
[SourceTitle "EXT 2022"]
[Source "ChessBase"]
[SourceDate "2021.10.06"]
[SourceVersion "1"]
[SourceVersionDate "2021.10.06"]
[SourceQuality "1"]
[WhiteTeam "Hamm SV"]
[BlackTeam "Borbeck Weisse Dame"]
[WhiteTeamCountry "GER"]
[BlackTeamCountry "GER"]

1. c4 Nf6 2. Nf3 b6 3. g3 Bb7 4. Bg2 c5 5. 0-0 g6 6. d4 cxd4 7. Qxd4 Bg7 8. Nc3 0-0 9. Qh4 d6 10. Bg5 Nbd7 11. Rac1 Rc8 12. Rfd1 a6 13. b3 Re8 14. Bh3 Rc7 15. Be3 Qa8 16. Ne1 Nc5 17. b4 Ncd7 18. Na4 b5 19. Nb6 Nxb6 20. Bxb6 Rxc4 21. Rxc4 bxc4 22. Qxc4 Bd5 23. Qc2 e6 24. Bd4 Rc8 25. Qb2 Ne8 26. Bxg7 Nxg7 27. Nd3 Qb8 28. Nf4 Bc4 29. Bf1 Qb6 30. Rc1 Rc7 31. Qf6 Qb8 32. Qc3 Ne8 33. Qb2 Qb5 34. Ng2 Qb6 35. Ne3 Bb5 36. Rxc7 Qxc7 37. h4 h5 38. Bg2 f6 39. Bf3 Kf7 40. Qd2 d5 41. Ng2 Kg7 42. g4 hxg4 43. Bxg4 f5 44. Bf3 Nf6 45. Qg5 Nh7 46. Qe3 Nf8 47. h5 Kf6 48. hxg6 Nxg6 49. Bh5 Ne5 50. Qh6+ Ke7 51. Nf4 Bd7 52. Qg7+ Kd6 53. Qf8+ Kc6 54. e3 Qd6 55. Qa8+ Kb6 56. Be2 Nc4 57. Qd8+ Kb7 58. Nd3 Ka7 59. Nc5 Bb5 60. Qxd6 Nxd6 61. Bxb5 Nxb5 62. Nxe6 Nc3 63. a3 Nb1 64. a4 Nc3 65. Nd4 Nxa4 66. Nxf5 Nc3 67. Nd4 Kb6 68. f4 Kc7 69. Kg2 Kd7 70. Kf3 Na2 71. Nc2 Ke6 72. Ke2 Nc3+ 73. Kd3 Ne4 74. Nd4+ Kd6 75. Nb3 Kc6 76. Kd4 Ng3 77. Ke5 Nf1 78. Nd4+ Kb6 79. Nc2 Kc6 80. f5 1-0

[Event "Ruhrgebiet Verbandsliga1 1213"]
[Site "Nordrheinwestfalen"]
[Date "2012.12.02"]
[Round "4"]
[White "Kuttnick, Helmut"]
[Black "Dukic, Dalibor"]
[Result "0-1"]
[WhiteElo "1807"]
[BlackElo "1985"]
[PlyCount "67"]
[EventDate "2012.09.02"]
[EventType "team-tourn"]
[EventRounds "9"]
[EventCountry "GER"]
[SourceTitle "EXT 2020"]
[Source "ChessBase"]
[SourceDate "2019.10.17"]
[SourceVersion "1"]
[SourceVersionDate "2019.10.17"]
[SourceQuality "1"]
[WhiteTeam "Dortmund SV"]
[BlackTeam "Hamm SVg"]
[WhiteTeamCountry "GER"]
[BlackTeamCountry "GER"]

1. d4 Nf6 2. Nf3 d6 3. c4 Nbd7 4. Nc3 e5 5. dxe5 dxe5 6. e4 Bb4 7. Bg5 h6 8. Bxf6 Bxc3+ 9. bxc3 Qxf6 10. Qc2 Nc5 11. Bd3 Bg4 12. Be2 Qf4 13. h3 Bd7 14. Nd2 Qg5 15. Bf3 Rd8 16. Nb3 Ne6 17. g3 h5 18. h4 Qf6 19. Qe2 g6 20. Rd1 b6 21. 0-0 g5 22. Bxh5 gxh4 23. Qf3 Qg7 24. Bg4 hxg3 25. fxg3 Qh7 26. Qg2 Ng5 27. Rxd7 Rxd7 28. Bxd7+ Kxd7 29. Rf5 f6 30. c5 Ke6 31. g4 Qh4 32. Nd2 Qe1+ 33. Nf1 Nh3+ 34. Kh2 0-1

[Event "Ruhrgebiet Verbandsliga2 1112"]
[Site "Nordrheinwestfalen"]
[Date "2012.04.22"]
[Round "9.5"]
[White "Dukic, Dalibor"]
[Black "Lang, Daniel"]
[Result "1/2-1/2"]
[WhiteElo "1944"]
[BlackElo "1991"]
[PlyCount "61"]
[EventDate "2011.09.18"]
[EventType "team-tourn"]
[EventRounds "9"]
[EventCountry "GER"]
[SourceTitle "EXT 2020"]
[Source "ChessBase"]
[SourceDate "2019.10.17"]
[SourceVersion "1"]
[SourceVersionDate "2019.10.17"]
[SourceQuality "1"]
[WhiteTeam "Hamm SVg"]
[BlackTeam "Wattenscheid SV IV"]
[WhiteTeamCountry "GER"]
[BlackTeamCountry "GER"]

1. c4 g6 2. Nc3 Bg7 3. d4 c5 4. Nf3 Nf6 5. d5 0-0 6. Bf4 Nh5 7. Bd2 f5 8. Qc1 Qb6 9. Na4 Qd6 10. g3 e5 11. dxe6 dxe6 12. Bg2 Bd7 13. Nc3 Qa6 14. b3 Nf6 15. Bh6 Bxh6 16. Qxh6 Qa5 17. Qd2 Nc6 18. 0-0 Rad8 19. Qb2 Nd4 20. Rfe1 Bc6 21. Ne5 Bxg2 22. Kxg2 Qc7 23. Nd3 Qc6+ 24. Kg1 Nf3+ 25. exf3 Rxd3 26. f4 Qf3 27. Rac1 Rfd8 28. Qe2 Qxe2 29. Rxe2 Kf7 30. Kg2 h6 31. h4 1/2-1/2

[Event "Ruhrgebiet Verbandsliga2 1112"]
[Site "Nordrheinwestfalen"]
[Date "2011.12.11"]
[Round "4.5"]
[White "Dukic, Dalibor"]
[Black "Rolf, Sebastian"]
[Result "1-0"]
[WhiteElo "1944"]
[BlackElo "1923"]
[PlyCount "63"]
[EventDate "2011.09.18"]
[EventType "team-tourn"]
[EventRounds "9"]
[EventCountry "GER"]
[SourceTitle "EXT 2020"]
[Source "ChessBase"]
[SourceDate "2019.10.17"]
[SourceVersion "1"]
[SourceVersionDate "2019.10.17"]
[SourceQuality "1"]
[WhiteTeam "Hamm SVg"]
[BlackTeam "Recklinghausen Laeufer Ost"]
[WhiteTeamCountry "GER"]
[BlackTeamCountry "GER"]

1. c4 Nf6 2. Nf3 g6 3. d4 Bg7 4. Bf4 0-0 5. Nc3 d5 6. h3 a6 7. e3 Re8 8. cxd5 Nxd5 9. Nxd5 Qxd5 10. Bxc7 Nc6 11. Be2 b5 12. 0-0 Bb7 13. a4 b4 14. Rc1 Qd7 15. Bg3 Rad8 16. Qb3 e5 17. dxe5 Nxe5 18. Nxe5 Bxe5 19. Bxe5 Rxe5 20. Rfd1 Qe7 21. Rxd8+ Qxd8 22. Qxb4 Qd7 23. Rd1 Re4 24. Qb6 Qe7 25. Qd8+ Kg7 26. Qxe7 Rxe7 27. b4 Re4 28. Rd4 Re5 29. Rd6 Rg5 30. g4 h5 31. f4 Rd5 32. Rxd5 1-0

[Event "Ruhrgebiet Verbandsliga2 1112"]
[Site "Nordrheinwestfalen"]
[Date "2011.11.13"]
[Round "3.7"]
[White "Fraenkel, Karl Heinz"]
[Black "Dukic, Dalibor"]
[Result "0-1"]
[WhiteElo "1922"]
[BlackElo "1944"]
[PlyCount "66"]
[EventDate "2011.09.18"]
[EventType "team-tourn"]
[EventRounds "9"]
[EventCountry "GER"]
[SourceTitle "EXT 2020"]
[Source "ChessBase"]
[SourceDate "2019.10.17"]
[SourceVersion "1"]
[SourceVersionDate "2019.10.17"]
[SourceQuality "1"]
[WhiteTeam "Bochum SV II"]
[BlackTeam "Hamm SVg"]
[WhiteTeamCountry "GER"]
[BlackTeamCountry "GER"]

1. e4 d6 2. d4 Nf6 3. Nc3 Nbd7 4. f3 e5 5. Be3 Be7 6. Qd2 0-0 7. 0-0-0 c6 8. Kb1 b5 9. dxe5 dxe5 10. g4 b4 11. Nce2 Qa5 12. g5 Nh5 13. Ng3 Nf4 14. h4 Nc5 15. Bxc5 Bxc5 16. N1e2 Be6 17. Nc1 Rad8 18. Bd3 Rd7 19. Nge2 Ng2 20. Nb3 Bxb3 21. cxb3 Rfd8 22. Nc1 Nf4 23. Qc2 Be3 24. Bc4 Rd2 25. Rxd2 Rxd2 26. Bxf7+ Kxf7 27. Qxc6 Qb6 28. Qc4+ Kf8 29. Qc8+ Qd8 30. Qf5+ Kg8 31. Qxe5 Bd4 32. Qxf4 Rxb2+ 33. Ka1 Rxb3# 0-1

[Event "Ruhrgebiet Regionalliga 1011"]
[Site "Nordrheinwestfalen"]
[Date "2011.01.23"]
[Round "5.6"]
[White "Zeldin, Leonid"]
[Black "Dukic, Dalibor"]
[Result "1/2-1/2"]
[WhiteElo "2051"]
[BlackElo "1941"]
[PlyCount "21"]
[EventDate "2010.09.19"]
[EventType "team-tourn"]
[EventRounds "9"]
[EventCountry "GER"]
[SourceTitle "EXT 2020"]
[Source "ChessBase"]
[SourceDate "2019.10.17"]
[SourceVersion "1"]
[SourceVersionDate "2019.10.17"]
[SourceQuality "1"]
[WhiteTeam "Bochum SG III"]
[BlackTeam "Hamm SVg"]
[WhiteTeamCountry "GER"]
[BlackTeamCountry "GER"]

1. e4 d6 2. d4 Nf6 3. Nc3 g6 4. f4 Bg7 5. Be3 Nbd7 6. Qd2 h5 7. 0-0-0 c6 8. e5 Ng8 9. exd6 exd6 10. Re1 Kf8 11. Bd3 1/2-1/2

[Event "Ruhrgebiet VL2 0910"]
[Site "Germany"]
[Date "2009.10.25"]
[Round "3.5"]
[White "Schneider, Hans Joachim"]
[Black "Dukic, Dalibor"]
[Result "0-1"]
[WhiteElo "1867"]
[BlackElo "1954"]
[PlyCount "76"]
[EventDate "2009.09.06"]
[EventType "team-tourn"]
[EventRounds "9"]
[EventCountry "GER"]
[SourceTitle "EXT 2011"]
[Source "ChessBase"]
[SourceDate "2010.11.26"]
[SourceVersion "1"]
[SourceVersionDate "2010.11.26"]
[SourceQuality "1"]
[WhiteTeam "Bottrop"]
[BlackTeam "Hamm SVg"]
[WhiteTeamCountry "GER"]
[BlackTeamCountry "GER"]

1. c4 d6 2. Nc3 Nd7 3. g3 e5 4. Bg2 c6 5. Nf3 Be7 6. d4 Ngf6 7. 0-0 0-0 8. Bg5 Qc7 9. b3 Re8 10. Qc2 h6 11. Bd2 Bf8 12. e4 g6 13. Rfe1 Bg7 14. Rac1 Ng4 15. d5 c5 16. h3 Ngf6 17. Nh4 a6 18. Re2 Qd8 19. Rce1 Nh5 20. Nd1 Nf4 21. Re3 Nf8 22. Kh2 Nxg2 23. Nxg2 Nh7 24. f4 Qd7 25. Nf2 exf4 26. gxf4 Bd4 27. Rf3 Bxf2 28. Rxf2 Qxh3+ 29. Kg1 Nf6 30. Re3 Qh5 31. f5 Ng4 32. fxg6 Qh2+ 33. Kf1 fxg6 34. e5 Bf5 35. Rxf5 Qh1+ 36. Ke2 Qxg2+ 37. Kd3 Nxe3 38. Kxe3 gxf5 0-1

[Event "Ruhrgebiet VL2 0405"]
[Site "Ruhrgebiet"]
[Date "2004.11.28"]
[Round "4.6"]
[White "Kloss, Detlev"]
[Black "Dukic, Dalibor"]
[Result "0-1"]
[WhiteElo "1892"]
[BlackElo "1900"]
[PlyCount "77"]
[EventDate "2004.09.12"]
[EventType "team"]
[EventRounds "9"]
[EventCountry "GER"]
[SourceTitle "EXT 2006"]
[Source "ChessBase"]
[SourceDate "2005.11.24"]
[SourceVersion "1"]
[SourceVersionDate "2005.11.24"]
[SourceQuality "1"]
[WhiteTeam "Buer"]
[BlackTeam "Hamm 1911"]
[WhiteTeamCountry "GER"]
[BlackTeamCountry "GER"]

1. d4 Nf6 2. Nd2 d5 3. Ndf3 c5 4. e3 Nc6 5. h3 Bf5 6. Ne2 e6 7. c3 Bd6 8. dxc5 Bxc5 9. Ned4 Be4 10. Bd3 0-0 11. 0-0 Bd6 12. Bxe4 Nxe4 13. Ne2 Rc8 14. Nf4 Ne7 15. Qa4 Bb8 16. Nd2 Nc5 17. Qd1 e5 18. Nh5 Rc6 19. Nb3 Ne4 20. f3 Nd6 21. e4 Nc4 22. Qe2 a5 23. Be3 a4 24. Nd2 Nxb2 25. Qb5 a3 26. Qxb7 d4 27. cxd4 exd4 28. Bg5 f6 29. Qb3+ Kh8 30. Bf4 Bxf4 31. Nxf4 Qd6 32. Nd5 Rb8 33. e5 fxe5 34. Ne4 Rxb3 35. Nxd6 Nxd5 36. axb3 Rxd6 37. Rxa3 h6 38. Rb1 Nd3 39. Ra7 0-1

[Event "Ruhrgebiet VL2 0405"]
[Site "Ruhrgebiet"]
[Date "2004.11.07"]
[Round "3.6"]
[White "Dukic, Dalibor"]
[Black "Hessel, Malte"]
[Result "1-0"]
[WhiteElo "1900"]
[BlackElo "1902"]
[PlyCount "126"]
[EventDate "2004.09.12"]
[EventType "team"]
[EventRounds "9"]
[EventCountry "GER"]
[SourceTitle "EXT 2006"]
[Source "ChessBase"]
[SourceDate "2005.11.24"]
[SourceVersion "1"]
[SourceVersionDate "2005.11.24"]
[SourceQuality "1"]
[WhiteTeam "Hamm 1911"]
[BlackTeam "Castrop Rauxel II"]
[WhiteTeamCountry "GER"]
[BlackTeamCountry "GER"]

1. Nf3 f5 2. d4 Nf6 3. g3 e6 4. Bg2 d5 5. 0-0 Bd6 6. c4 c6 7. Qc2 0-0 8. Bg5 Nbd7 9. cxd5 cxd5 10. Nc3 h6 11. Nb5 Bb8 12. Bf4 Qb6 13. Nc7 Bxc7 14. Bxc7 Qa6 15. a4 Ne4 16. Rfc1 Ndf6 17. e3 Bd7 18. Bf1 b5 19. axb5 Qb7 20. Qa4 Rfc8 21. Ba5 a6 22. Rxc8+ Qxc8 23. Be1 Nd6 24. Qb4 Nxb5 25. Ne5 Be8 26. f3 Ra7 27. Qb3 Rc7 28. Nd3 Nd6 29. Qa3 Nc4 30. Qxa6 Nxe3 31. Qxc8 Rxc8 32. Be2 Rc2 33. Kf2 Nc4 34. Bc3 Bb5 35. Nb4 Rxe2+ 36. Kxe2 Nxb2+ 37. Kf2 Nd3+ 38. Nxd3 Bxd3 39. Ra7 Bb5 40. Bb4 Be8 41. Re7 Bf7 42. Bd6 Ne8 43. Be5 Kf8 44. Ra7 Bh5 45. h4 Bg6 46. Ke3 Bh5 47. Kf4 Bg6 48. g4 fxg4 49. fxg4 Bd3 50. g5 hxg5+ 51. hxg5 Bg6 52. Bb8 Bf5 53. Ke5 g6 54. Bd6+ Kg8 55. Re7 Ng7 56. Ra7 Ne8 57. Bc5 Bg4 58. Re7 Ng7 59. Kf6 Nh5+ 60. Kxg6 Nf4+ 61. Kh6 Bf5 62. Rg7+ Kh8 63. Bd6 Ng6 1-0

[Event "Ruhrgebiet VL2 0405"]
[Site "Ruhrgebiet"]
[Date "2004.10.10"]
[Round "2.7"]
[White "Dukic, Dalibor"]
[Black "Ozerov, Ilja"]
[Result "1-0"]
[WhiteElo "1900"]
[BlackElo "1954"]
[PlyCount "63"]
[EventDate "2004.09.12"]
[EventType "team"]
[EventRounds "9"]
[EventCountry "GER"]
[SourceTitle "EXT 2006"]
[Source "ChessBase"]
[SourceDate "2005.11.24"]
[SourceVersion "1"]
[SourceVersionDate "2005.11.24"]
[SourceQuality "1"]
[WhiteTeam "Hamm 1911"]
[BlackTeam "Muelheim Nord III"]
[WhiteTeamCountry "GER"]
[BlackTeamCountry "GER"]

1. c4 Nf6 2. Nf3 g6 3. Nc3 d5 4. cxd5 Nxd5 5. g3 Bg7 6. Bg2 Nxc3 7. bxc3 0-0 8. 0-0 c5 9. Qa4 Bd7 10. Qa3 Qc8 11. Bb2 Na6 12. d4 Bc6 13. Rfe1 Be4 14. Rac1 b6 15. Nd2 Bxg2 16. Kxg2 Qb7+ 17. Kg1 e5 18. dxe5 Bxe5 19. c4 Bxb2 20. Qxb2 Nb4 21. a3 Nc6 22. Ne4 Nd4 23. Nxc5 Qe7 24. Nd3 Rad8 25. Nf4 Rfe8 26. Nd5 Qe5 27. Kf1 b5 28. Rcd1 Rxd5 29. cxd5 Qe4 30. f3 Nxf3 31. exf3 Qxf3+ 32. Kg1 1-0